Anteproyecto arquitectónico de complejo turístico o en el municipio de Tola, departamento de Rivas
A través de esta investigación se plantea una propuesta de complejo turístico frente a la Playa Colorado ubicado en Tola, potencializando los atractivos existente a través del turismo, considerando la nteracción entre la naturaleza y el hombre que se desarrolla sin alterar el equilibrio del med...
| Main Authors: | , , |
|---|---|
| Other Authors: | |
| Format: | Tesis Section = Libro |
| Language: | Undetermined Spanish |
| Published: |
Managua
UNI
2020
|
| Subjects: |
| LEADER | 01221nam a2200277Ia 4500 | ||
|---|---|---|---|
| 008 | 240830s9999 xx 000 0 und d | ||
| 040 | |a BIBLIOTECA-RUSB/ Mon 728.5 G984 | ||
| 041 | |a spa | ||
| 082 | |a Mon 728.5 G984 | ||
| 100 | 1 | |a Gutiérrez Sáballos, Joseline Lisseth | |
| 100 | 1 | |b Navarro Reyes, Flor de Azalea | |
| 100 | 1 | |c Hernández Collado, Sldney Irene | |
| 245 | 1 | 0 | |a Anteproyecto arquitectónico de complejo turístico o en el municipio de Tola, departamento de Rivas |
| 260 | |a Managua |b UNI |c 2020 | ||
| 300 | |a 135 p. :il. | ||
| 500 | |a Contiene: anexos y CD. | ||
| 502 | |a Tesis (Arquitecto) - UNI, 2020. | ||
| 520 | 3 | |a A través de esta investigación se plantea una propuesta de complejo turístico frente a la Playa Colorado ubicado en Tola, potencializando los atractivos existente a través del turismo, considerando la nteracción entre la naturaleza y el hombre que se desarrolla sin alterar el equilibrio del medio ambiente. | |
| 650 | 7 | |a HOTELES-DISEÑO Y CONSTRUCCION | |
| 650 | 7 | |b DISEÑO ARQUITECTONICO | |
| 650 | 7 | |c COMPLEJO TURISTICO-RIVAS | |
| 650 | 7 | |d ARQUITECTRA-DISEÑOS Y PLANOS I | |
| 700 | 1 | |a Tutor: |b Mendoza, Hugo | |
| 942 | |c BK |2 ddc | ||
| 991 | |a TESIS | ||
| 999 | |c 21503 | ||